Budúcnosť elektromobility v Slovenskej republike

Analýza súčasných trendov v automobilovom priemysle z hľadiska využívania alternatívnych palív so zameraním na elektromobilitu, identifikácia možnosti využitia elektromobilov na slovenskom trhu a návrh odporúčaní, ktoré by viedli k zvýšeniu predaja elektrických vozidiel na Slovensku.

Salvato in:
Dettagli Bibliografici
Autore principale: Rehák, Róbert, 1984-
Altri autori: Dzugas, Michal
Natura: Capitolo di libro
Lingua:slovacco
Soggetti:
Tags: Aggiungi Tag
Nessun Tag, puoi essere il primo ad aggiungerne!!

MARC

LEADER 00000nla a2200000 4500
001 0195959
005 20240502073311.9
041 0 |a slo 
044 |a SK 
245 1 0 |a Budúcnosť elektromobility v Slovenskej republike  |c Róbert Rehák, Michal Dzugas 
520 |a Analýza súčasných trendov v automobilovom priemysle z hľadiska využívania alternatívnych palív so zameraním na elektromobilitu, identifikácia možnosti využitia elektromobilov na slovenskom trhu a návrh odporúčaní, ktoré by viedli k zvýšeniu predaja elektrických vozidiel na Slovensku. 
610 2 0 |a doprava automobilová 
610 2 0 |a elektrina 
610 2 0 |a Slovensko 
100 1 |a Rehák, Róbert, 1984- 
700 1 |a Dzugas, Michal